NBA Jersey Numbers by Player - Statistics

General Stats
  • This quiz has been taken 108 times
  • The average score is 16 of 36
Answer Stats
Player Jersey Number(s) % Correct
Michael Jordan 23, 45
99%
Kobe Bryant 8, 24
96%
Larry Bird 33
83%
LeBron James 6, 23
80%
Magic Johnson 32
76%
Kevin Durant 7, 35
73%
Russell Westbrook 0, 4
72%
Dirk Nowitzki 41
62%
Tim Duncan 21
61%
Dennis Rodman 10, 70, 73, 91
57%
Charles Barkley 32, 34
57%
Steve Nash 10, 13
54%
Oscar Robertson 1, 14
51%
Yao Ming 11
49%
Andrei Kirilenko 47
48%
Pete Maravich 7, 44
46%
David Robinson 50
45%
Bob Pettit 9
44%
Clyde Drexler 22
40%
Chris Webber 2, 4, 84
40%
Dikembe Mutombo 55
39%
Shawn Kemp 4, 40
38%
Robert Parish 00
37%
Udonis Haslem 40
35%
Roy Hibbert 17, 34, 55
33%
Alex English 2, 22, 23
32%
George Mikan 99
28%
Brian Scalabrine 21, 24, 44
27%
Drew Gooden 0, 90
22%
Gheorghe Mureșan 77
20%
Shawn Bradley 44, 45, 76
17%
Horace Grant 54
16%
Clyde Lovellette 4, 34, 89
15%
Dolph Schayes 4, 55
15%
Jack Sikma 43
13%
Artis Gilmore 53
13%
No matching quizzes found
Score Distribution
Percent of People with Each Score
Percentile by Number Answered
Your Score History
You have not taken this quiz